000 00337nam a22001577a 4500
003 SGT
020 _a978-93-325-7746-6
082 _a611
_bC18K
100 _aKLUG, WILLIAM S.
245 _aCONCEPTS OF GENETICS
250 _a10TH
260 _aINDIA
_bPEARSON
_c2018
300 _a885
650 _aHUMAN ANATOMY
942 _2ddc
_cBK
_01
999 _c19636
_d19636